| 000 | 01002cam a22002895a 4500 | ||
|---|---|---|---|
| 001 | 13692446 | ||
| 005 | 20160907125949.0 | ||
| 008 | 040819t2005 gw a frb 001 0 eng d | ||
| 020 | _a3540407413 (alk. paper) | ||
| 020 | _a9783540407416 | ||
| 040 |
_aHKP _cHKP _dOCLCQ _dDLC _dEG-ScBUE _beng |
||
| 041 | 1 |
_aeng _hfre |
|
| 082 | 0 | 0 |
_a621.38224 _222 _bVAS |
| 100 | 1 |
_aVasilescu, Gabriel. _941052 |
|
| 245 | 1 | 0 |
_aElectronic noise and interfering signals : _bprinciples and applications / _cGabriel Vasilescu. |
| 260 |
_aBerlin : _bSpringer-Verlag, _cc.2005. |
||
| 300 |
_axviii, 709 p. : _bill. ; _c25 cm. |
||
| 490 | 0 | _aSignals and communication technology | |
| 500 | _aIndex : p. [705]-709. | ||
| 504 | _aBibliography : p. [689]-701. | ||
| 546 | _aText in English ; translated from original French. | ||
| 650 | 0 |
_aElectronic noise. _2BUEsh |
|
| 650 | 0 |
_aShielding (Electricity) _2BUEsh _912024 |
|
| 650 | 0 |
_aElectromagnetic interference. _2BUEsh |
|
| 653 |
_bENGELC _cSeptember2016 |
||
| 942 | _2ddc | ||
| 999 |
_c22321 _d22293 |
||